|
|
|
|
| LEADER |
00000nam0a2200000 4500 |
| 001 |
357305 |
| 005 |
20231102010959.0 |
| 035 |
|
|
|a (RuTPU)RU\TPU\retro\14573
|
| 090 |
|
|
|a 357305
|
| 100 |
|
|
|a 20200804d1965 km y0gery50 ba
|
| 101 |
0 |
|
|a ger
|
| 102 |
|
|
|a DE
|
| 105 |
|
|
|a a z 001zy
|
| 200 |
1 |
|
|a Flussigkeitsanalysen- Meßiechnik
|f A. Borgwardt
|
| 210 |
|
|
|a Berlin
|c VEB Verlag Technik
|d 1965
|
| 215 |
|
|
|a 68 s.
|c il.
|
| 225 |
1 |
|
|a Reihe Automatsierungstechnik
|
| 320 |
|
|
|a Literatur: s. 66
|
| 320 |
|
|
|a Sachwortverzeichnis: s. 67-68
|
| 606 |
|
|
|a Жидкости
|x Вязкость
|x Измерение
|2 stltpush
|3 (RuTPU)RU\TPU\subj\10869
|9 37881
|
| 606 |
1 |
|
|a Жидкости
|x Плотность
|x Определение
|2 stltpush
|3 (RuTPU)RU\TPU\subj\10898
|9 37906
|
| 606 |
1 |
|
|a Вибрационная техника
|x Приборостроение
|2 stltpush
|3 (RuTPU)RU\TPU\subj\2445
|9 31016
|
| 610 |
1 |
|
|a анализ
|
| 610 |
1 |
|
|a измерения
|
| 610 |
1 |
|
|a методы
|
| 610 |
1 |
|
|a диэлектрическая проницаемость
|
| 610 |
1 |
|
|a оптика
|
| 610 |
1 |
|
|a электролитическая проводимость
|
| 610 |
1 |
|
|a водородный показатель
|
| 610 |
1 |
|
|a кислотность
|
| 610 |
1 |
|
|a окислительно-восстановительный потенциал
|
| 610 |
1 |
|
|a измерительные приборы
|
| 610 |
1 |
|
|a немецкий язык
|
| 675 |
|
|
|a 531.75
|v 4
|
| 675 |
|
|
|a 681.2
|v 4
|
| 700 |
|
1 |
|a Borgwardt
|b A.
|g Arno
|
| 801 |
|
1 |
|a RU
|b 63413507
|c 20200804
|
| 801 |
|
2 |
|a RU
|b 63413507
|c 20211019
|g RCR
|
| 942 |
|
|
|c BK
|